000 00812nam a22002297a 4500
999 _c64478
_d64478
005 20240530110733.0
008 180213s2007 ua a g 000 0 ara d
017 _bمصر. دار الكتب
_a2007/14059
020 _a9774373758
040 _aEG-CaGPL
_cEG-CaGPL
082 0 4 _221
_a190\
_bر م
100 1 _aرويس ، جوزايا
245 1 0 _aمصادر البصيرة الدينية /
_cتاليف جوزايا رويس ؛ ترجمة احمد الانصارى ؛ مراجعة حسن حفنى
250 _aط. 1
260 _aالقاهرة :
_c2007.
300 _a195 ص. ؛
_c24 سم.
650 0 7 _2qrmak
_aالحدس
651 0 7 _2qrmak
_aالفلسفة الحديثة
700 0 _aاحمد الانصارى
_eمترجم
942 _2ddc
_cBK